000 00212nam a22000857a 4500
008 170617b xxu||||| |||| 00| 0 eng d
100 _93482
_aCBSE
245 _aWork education in school
260 _aNew Delhi
_bCBSE
_c2004
999 _c6862
_d6862